[Event "FIDE World Youth U16 Chess Olympiad SLOVAKIA 2016"]
[Site "Poprad Tatry SLOVAKIA"]
[Date "2016.07.23"]
[Round "2"]
[Board "1"]
[White "Mesaros, Florian"]
[Black "Maghsoodloo, Parham"]
[Result "0-1"]
[WhiteElo "2324"]
[BlackElo "2501"]
[PlyCount "82"]
[EventDate "2016.07.22"]
[EventType "team"]
[EventRounds "9"]
[EventCountry "SVK"]
[WhiteTeam "Austria"]
[BlackTeam "Iran"]

1. Nf3 Nf6 2. c4 g6 3. Nc3 d5 4. cxd5 Nxd5 5. Qb3 Nb6 6. d4 Be6 7. Qc2 Bg7 8.
Bf4 Nc6 9. e3 O-O 10. Be2 Nb4 11. Qd1 Rc8 12. a3 N4d5 13. Nxd5 Nxd5 14. Bg3 c5
15. e4 Nb6 16. d5 Bg4 17. Qc2 c4 18. O-O Nd7 19. h3 Bxf3 20. Bxf3 b5 21. a4 b4
22. Rad1 Nb6 23. a5 b3 24. Qd2 c3 25. bxc3 Nc4 26. Qe2 Bxc3 27. Bg4 Rc5 28. Rc1
Qxa5 29. Bh4 b2 30. Rb1 Qc7 31. Rfd1 Rb8 32. Bg3 Be5 33. Bxe5 Qxe5 34. Qd3 a5
35. Rf1 Qf4 36. g3 Qd2 37. Qf3 a4 38. Rfd1 Ne5 39. Qa3 Qb4 40. Qa2 a3 41. d6
exd6 0-1

[Event "FIDE World Youth U16 Chess Olympiad SLOVAKIA 2016"]
[Site "Poprad Tatry SLOVAKIA"]
[Date "2016.07.23"]
[Round "2"]
[Board "2"]
[White "Firouzja, Alireza"]
[Black "Horvath, Dominik"]
[Result "1-0"]
[WhiteElo "2481"]
[BlackElo "2216"]
[PlyCount "127"]
[EventDate "2016.07.22"]
[EventType "team"]
[EventRounds "9"]
[EventCountry "SVK"]
[WhiteTeam "Iran"]
[BlackTeam "Austria"]

1. c4 g6 2. Nc3 Bg7 3. g3 c5 4. Bg2 Nc6 5. Nf3 e6 6. O-O Nge7 7. d3 b6 8. Bd2
Bb7 9. a3 O-O 10. Rb1 d5 11. cxd5 exd5 12. b4 c4 13. b5 Na5 14. Na4 Rc8 15.
Bxa5 bxa5 16. d4 Nf5 17. Bh3 Qf6 18. Nc5 Rc7 19. e3 Bc8 20. Bg2 Rd8 21. Qe1 Bf8
22. Na4 Bxa3 23. Qxa5 Bd6 24. Nc3 Be6 25. Nd2 Rcd7 26. b6 axb6 27. Qxb6 Qg5 28.
Nf3 Qe7 29. Qb5 Bc7 30. Qb2 h5 31. Qa1 h4 32. Rfe1 hxg3 33. hxg3 Qf6 34. Rbd1
Qg7 35. Nd2 g5 36. Nf1 g4 37. Rb1 Qh6 38. Rb5 Nd6 39. Rc5 Bb6 40. Rc6 Ra7 41.
Qb2 Ba5 42. Nd2 Rb7 43. Qa1 Bxc3 44. Qxc3 Nb5 45. Qa5 Qf8 46. Nxc4 Ra8 47. Qd2
dxc4 48. Rxe6 fxe6 49. Bxb7 Ra7 50. Bc6 Nd6 51. Bg2 Rh7 52. e4 Qh6 53. Qxh6
Rxh6 54. Rc1 Rh7 55. e5 Nf5 56. Rxc4 Rd7 57. d5 exd5 58. Rxg4+ Kf7 59. Rf4 Ke6
60. Bh3 Rf7 61. Rxf5 Rxf5 62. f4 d4 63. Kf2 d3 64. Ke3 1-0

[Event "FIDE World Youth U16 Chess Olympiad SLOVAKIA 2016"]
[Site "Poprad Tatry SLOVAKIA"]
[Date "2016.07.23"]
[Round "2"]
[Board "3"]
[White "Blohberger, Felix"]
[Black "Gholami, Aryan"]
[Result "1-0"]
[WhiteElo "2284"]
[BlackElo "2454"]
[PlyCount "77"]
[EventDate "2016.07.22"]
[EventType "team"]
[EventRounds "9"]
[EventCountry "SVK"]
[WhiteTeam "Austria"]
[BlackTeam "Iran"]

1. d4 Nf6 2. Bf4 g6 3. e3 Bg7 4. Nf3 O-O 5. Be2 c5 6. c3 b6 7. O-O d6 8. Nbd2
Bb7 9. a4 a6 10. Qb3 Nbd7 11. h3 Qc7 12. Rfc1 Bc6 13. Qa3 b5 14. dxc5 e5 15.
cxd6 Qb7 16. Bh2 Rfe8 17. axb5 axb5 18. Qb3 Nc5 19. Qd1 Nfd7 20. Rxa8 Rxa8 21.
b4 Na4 22. c4 Nb2 23. Qb3 Nxc4 24. Nxc4 Bd5 25. e4 bxc4 26. Bxc4 Bxe4 27. Bxf7+
Kh8 28. Bg3 Bc6 29. Be6 e4 30. Bxd7 Bd5 31. Rc7 exf3 32. Rxb7 Bxb3 33. Bc6 Ra1+
34. Kh2 fxg2 35. Kxg2 Bf6 36. d7 Rd1 37. Rb8+ Kg7 38. Bc7 Rc1 39. b5 1-0

[Event "FIDE World Youth U16 Chess Olympiad SLOVAKIA 2016"]
[Site "Poprad Tatry SLOVAKIA"]
[Date "2016.07.23"]
[Round "2"]
[Board "1"]
[White "Bjerre, Jonas"]
[Black "Martirosyan, Haik M."]
[Result "1/2-1/2"]
[WhiteElo "2396"]
[BlackElo "2450"]
[PlyCount "118"]
[EventDate "2016.07.22"]
[EventType "team"]
[EventRounds "9"]
[EventCountry "SVK"]
[WhiteTeam "Denmark"]
[BlackTeam "Armenia"]

1. e4 e6 2. d4 d5 3. Nd2 c5 4. exd5 Qxd5 5. Ngf3 cxd4 6. Bc4 Qd6 7. O-O Nf6 8.
Nb3 Nc6 9. Nbxd4 Nxd4 10. Nxd4 a6 11. c3 Qc7 12. Bb3 Bd6 13. h3 Bd7 14. Qe2
O-O-O 15. Be3 h6 16. c4 e5 17. Nf3 e4 18. Nd4 Bc5 19. Nc2 Be6 20. Rfd1 Qe5 21.
Bxc5 Qxc5 22. Qe3 Qxe3 23. fxe3 Rd3 24. Kf2 Nd7 25. Nd4 Re8 26. Nxe6 Rxe6 27.
Bc2 Rdd6 28. Rd4 f5 29. Rad1 Rxd4 30. Rxd4 Kc7 31. Bd1 Nf6 32. Ke2 g5 33. g3 b6
34. Kd2 Re8 35. Kc3 Rg8 36. Rd2 g4 37. hxg4 Nxg4 38. Bxg4 Rxg4 39. Rh2 Rxg3 40.
Kd4 a5 41. b3 Rf3 42. Rxh6 Rf2 43. Rh7+ Kc6 44. Rh6+ Kb7 45. Rh7+ Ka6 46. Rf7
Rd2+ 47. Kc3 Rd3+ 48. Kc2 Rxe3 49. Rxf5 Re2+ 50. Kc3 Rxa2 51. Re5 Re2 52. Kd4
Kb7 53. Rxe4 Rxe4+ 54. Kxe4 Kc6 55. Kd3 Kc5 56. Kc3 b5 57. cxb5 Kxb5 58. Kc2 a4
59. bxa4+ Kxa4 1/2-1/2

[Event "FIDE World Youth U16 Chess Olympiad SLOVAKIA 2016"]
[Site "Poprad Tatry SLOVAKIA"]
[Date "2016.07.23"]
[Round "2"]
[Board "2"]
[White "Hakobyan, Aram"]
[Black "Olsen, Filip Boe"]
[Result "1-0"]
[WhiteElo "2382"]
[BlackElo "2263"]
[PlyCount "47"]
[EventDate "2016.07.22"]
[EventType "team"]
[EventRounds "9"]
[EventCountry "SVK"]
[WhiteTeam "Armenia"]
[BlackTeam "Denmark"]

1. d4 d5 2. c4 c6 3. Nc3 Nf6 4. Nf3 e6 5. e3 Nbd7 6. Qc2 Bd6 7. Bd3 O-O 8. O-O
dxc4 9. Bxc4 e5 10. Bb3 Qc7 11. h3 a6 12. Rd1 exd4 13. exd4 h6 14. Bxh6 Bf4 15.
Bg5 Nh7 16. Be7 Re8 17. Re1 Ndf6 18. Bxf7+ Kxf7 19. Qb3+ Kg6 20. Nh4+ Kh5 21.
Qf7+ Kxh4 22. Qxe8 Rb8 23. Qg6 Ng5 24. Bxf6 1-0

[Event "FIDE World Youth U16 Chess Olympiad SLOVAKIA 2016"]
[Site "Poprad Tatry SLOVAKIA"]
[Date "2016.07.23"]
[Round "2"]
[Board "3"]
[White "Moller, Sophus Mechlenburg"]
[Black "Sargsyan, Shant"]
[Result "0-1"]
[WhiteElo "2142"]
[BlackElo "2431"]
[PlyCount "112"]
[EventDate "2016.07.22"]
[EventType "team"]
[EventRounds "9"]
[EventCountry "SVK"]
[WhiteTeam "Denmark"]
[BlackTeam "Armenia"]

1. e4 e5 2. Nf3 Nc6 3. Bb5 a6 4. Ba4 Nf6 5. O-O Be7 6. Re1 b5 7. Bb3 d6 8. c3
O-O 9. h3 Bb7 10. d4 Re8 11. Nbd2 exd4 12. cxd4 Nd7 13. Nf1 Bf6 14. Ng3 g6 15.
a4 Na5 16. Bc2 c5 17. b3 Nc6 18. Bb2 cxd4 19. Qd2 bxa4 20. bxa4 Nde5 21. Nxd4
Nc4 22. Nxc6 Qc7 23. Qb4 Nxb2 24. Nd4 Nc4 25. Rad1 Rab8 26. Bb3 Na5 27. Ba2 Ba8
28. Qa3 Qc5 29. Qxc5 dxc5 30. Nf3 Rb2 31. Bd5 c4 32. Bxa8 Rxa8 33. e5 Be7 34.
e6 f5 35. Rd7 Kf8 36. Rc7 Rb7 37. Rxb7 Nxb7 38. Rc1 Rc8 39. Ne2 Ba3 40. Rc2 Ke7
41. Ng5 h6 42. Nf7 Kxe6 43. Nxh6 Rh8 44. Rxc4 Rxh6 45. Rc6+ Bd6 46. Rxa6 Nc5
47. Ra8 Rh7 48. a5 Rb7 49. g3 Rb1+ 50. Kg2 Ra1 51. Nd4+ Kd5 52. Nf3 Ra2 53. Nh4
Ne4 54. Nxg6 Rxf2+ 55. Kg1 Bxg3 56. Rd8+ Kc4 0-1

[Event "FIDE World Youth U16 Chess Olympiad SLOVAKIA 2016"]
[Site "Poprad Tatry SLOVAKIA"]
[Date "2016.07.23"]
[Round "2"]
[Board "4"]
[White "Grigoryan, Arpine"]
[Black "Kristensen, Bjarke Hautop"]
[Result "1/2-1/2"]
[WhiteElo "1894"]
[BlackElo "2124"]
[PlyCount "138"]
[EventDate "2016.07.22"]
[EventType "team"]
[EventRounds "9"]
[EventCountry "SVK"]
[WhiteTeam "Armenia"]
[BlackTeam "Denmark"]

1. e4 g6 2. Nf3 Bg7 3. d4 d6 4. h3 Nf6 5. Bd3 O-O 6. O-O c5 7. d5 e5 8. dxe6
Bxe6 9. c4 Nfd7 10. Nc3 Bxc3 11. bxc3 Qa5 12. Bf4 Qa6 13. Qe2 Rd8 14. e5 dxe5
15. Nxe5 Nxe5 16. Qxe5 Nd7 17. Qe2 Nb6 18. Bh6 Nxc4 19. Bxc4 Bxc4 20. Qe5 f6
21. Qxc5 Rac8 22. Qe7 Bf7 23. Rab1 b5 24. a4 Re8 25. axb5 Rxe7 26. bxa6 Bc4 27.
Rfd1 Bxa6 28. Rd6 Bc4 29. Rxf6 Bf7 30. Ra6 Rxc3 31. Rb8+ Re8 32. Rxe8+ Bxe8 33.
Rxa7 Rc8 34. Rg7+ Kh8 35. Re7 Kg8 36. Be3 Bf7 37. g4 h5 38. Kg2 Re8 39. Ra7
hxg4 40. hxg4 Be6 41. Kg3 Rb8 42. Bd4 Bf7 43. Ra1 Rb3+ 44. Kf4 Bd5 45. Kg5 Kf7
46. Ra6 Be4 47. f4 Rb5+ 48. Be5 Rb7 49. Rf6+ Kg8 50. Bd6 Rd7 51. Kh6 Rh7+ 52.
Kg5 Rd7 53. Be5 Rb7 54. Rd6 Kf7 55. Rf6+ Kg8 56. Rd6 Kf7 57. Rd2 Ra7 58. Rh2
Ra8 59. f5 gxf5 60. gxf5 Rg8+ 61. Kf4 Bd5 62. Rh7+ Ke8 63. Bd6 Bb3 64. Re7+ Kd8
65. Rb7 Bd5 66. Ra7 Re8 67. f6 Re1 68. Rh7 Bg8 69. Rg7 Rf1+ 1/2-1/2

[Event "FIDE World Youth U16 Chess Olympiad SLOVAKIA 2016"]
[Site "Poprad Tatry SLOVAKIA"]
[Date "2016.07.23"]
[Round "2"]
[Board "1"]
[White "Makhnyov, Denis"]
[Black "Macovei, Andrei"]
[Result "1-0"]
[WhiteElo "2351"]
[BlackElo "2396"]
[PlyCount "75"]
[EventDate "2016.07.22"]
[EventType "team"]
[EventRounds "9"]
[EventCountry "SVK"]
[WhiteTeam "Kazakhstan"]
[BlackTeam "Moldova"]

1. d4 Nf6 2. c4 g6 3. Nc3 Bg7 4. e4 d6 5. Nf3 O-O 6. Be2 e5 7. O-O Nc6 8. d5
Ne7 9. Qc2 Nd7 10. Be3 f5 11. Ng5 Nc5 12. b4 Nxe4 13. Ncxe4 fxe4 14. Nxe4 Nf5
15. Bg5 Qe8 16. Qd2 Bd7 17. Rac1 h6 18. Be3 Qe7 19. c5 Rfc8 20. cxd6 cxd6 21.
Rxc8+ Rxc8 22. Bxa7 Nd4 23. Bd3 Bf5 24. Re1 Qc7 25. Bxd4 exd4 26. Qd1 Kh7 27.
h4 Be5 28. h5 Qf7 29. Qf3 Kg7 30. Nc5 dxc5 31. Rxe5 Bxd3 32. Qxd3 Rf8 33. f3
cxb4 34. Qxd4 Kh7 35. d6 Qxa2 36. Re7+ Rf7 37. Rxf7+ Qxf7 38. d7 1-0

[Event "FIDE World Youth U16 Chess Olympiad SLOVAKIA 2016"]
[Site "Poprad Tatry SLOVAKIA"]
[Date "2016.07.23"]
[Round "2"]
[Board "2"]
[White "Schitco, Ivan"]
[Black "Turar, Dastan"]
[Result "0-1"]
[WhiteElo "2148"]
[BlackElo "2266"]
[PlyCount "140"]
[EventDate "2016.07.22"]
[EventType "team"]
[EventRounds "9"]
[EventCountry "SVK"]
[WhiteTeam "Moldova"]
[BlackTeam "Kazakhstan"]

1. d4 Nf6 2. c4 g6 3. Nc3 Bg7 4. e4 d6 5. f3 O-O 6. Be3 Nc6 7. Nge2 a6 8. Qd2
Na5 9. Nc1 Nd7 10. Nb3 c5 11. Nxa5 Qxa5 12. Be2 cxd4 13. Bxd4 Ne5 14. O-O Be6
15. b3 g5 16. Rfd1 Kh8 17. Kh1 Ng6 18. Rac1 Bxd4 19. Qxd4+ Qe5 20. Qxe5+ Nxe5
21. Na4 f5 22. exf5 Rxf5 23. c5 d5 24. Nb6 Rd8 25. Bd3 Rff8 26. h3 h5 27. Rd2
Bf7 28. Re1 Nc6 29. b4 Kg7 30. b5 axb5 31. Bxb5 Kf6 32. a4 e5 33. a5 Nxa5 34.
Nd7+ Rxd7 35. Bxd7 Nb3 36. Rde2 Nxc5 37. Bb5 Rh8 38. Rxe5 Ne4 39. R5xe4 dxe4
40. Rxe4 h4 41. Rb4 Bd5 42. Kg1 Rc8 43. Bd3 Rc3 44. Be2 Rc2 45. Kf1 Bc6 46. Kf2
Ra2 47. Ke3 Ra3+ 48. Bd3 Ra2 49. Be2 Ra3+ 50. Kf2 Ra4 51. Rb2 Ke5 52. Bd3 Kf4
53. Bc2 Rd4 54. Bg6 b5 55. Bf7 b4 56. Bb3 Bb5 57. Be6 Ba6 58. Bf7 Bb5 59. Be6
Ba4 60. Bf7 Bd1 61. Bg8 b3 62. Bf7 Rd3 63. Bg8 Ke5 64. Bh7 Rd7 65. Be4 Ra7 66.
Bb1 Rc7 67. Be4 Rc2+ 68. Bxc2 bxc2 69. f4+ gxf4 70. Rb5+ Kd6 0-1

[Event "FIDE World Youth U16 Chess Olympiad SLOVAKIA 2016"]
[Site "Poprad Tatry SLOVAKIA"]
[Date "2016.07.23"]
[Round "2"]
[Board "3"]
[White "Agmanov, Zhandos"]
[Black "Cojocari, Dmitri"]
[Result "1-0"]
[WhiteElo "2310"]
[BlackElo "2051"]
[PlyCount "69"]
[EventDate "2016.07.22"]
[EventType "team"]
[EventRounds "9"]
[EventCountry "SVK"]
[WhiteTeam "Kazakhstan"]
[BlackTeam "Moldova"]

1. e4 d6 2. d4 Nf6 3. Nc3 e5 4. Nf3 Nbd7 5. Bc4 Be7 6. O-O O-O 7. Re1 c6 8. a4
Qc7 9. Ba2 b6 10. h3 a6 11. d5 Bb7 12. Nh4 Rfe8 13. dxc6 Bxc6 14. Nf5 Bf8 15.
Qf3 g6 16. Nh6+ Bxh6 17. Bxh6 b5 18. axb5 axb5 19. b4 Qb7 20. Qd3 Rad8 21. Rad1
Nf8 22. Bg5 Kg7 23. Qf3 Qe7 24. Bd5 Bd7 25. Re3 Ne6 26. Bxe6 Qxe6 27. Nd5 Nxd5
28. exd5 Qf5 29. Qxf5 Bxf5 30. Bxd8 Rxd8 31. Rc3 Ra8 32. Rc6 Ra4 33. c3 Ra3 34.
Rxd6 Rxc3 35. Rc6 1-0

[Event "FIDE World Youth U16 Chess Olympiad SLOVAKIA 2016"]
[Site "Poprad Tatry SLOVAKIA"]
[Date "2016.07.23"]
[Round "2"]
[Board "4"]
[White "Martinovici, Ilie"]
[Black "Muratova, Saltanat"]
[Result "1-0"]
[WhiteElo "2097"]
[BlackElo "2031"]
[PlyCount "133"]
[EventDate "2016.07.22"]
[EventType "team"]
[EventRounds "9"]
[EventCountry "SVK"]
[WhiteTeam "Moldova"]
[BlackTeam "Kazakhstan"]

1. d4 Nf6 2. c4 g6 3. Nc3 Bg7 4. e4 d6 5. f3 O-O 6. Be3 c5 7. Nge2 cxd4 8. Nxd4
Nc6 9. Qd2 Bd7 10. Be2 Nxd4 11. Bxd4 Bc6 12. O-O Qd7 13. Rfd1 Rfd8 14. Rac1 e6
15. b4 b6 16. Qb2 Qe7 17. a4 d5 18. cxd5 exd5 19. e5 Nd7 20. f4 f6 21. Bf3 Qe6
22. Qa2 fxe5 23. Nxd5 Kh8 24. Re1 Rac8 25. Rcd1 Nf8 26. Bxe5 Bxe5 27. Rxe5 Qf7
28. Re7 Bxd5 29. Qa1+ Kg8 30. Bxd5 Rxd5 31. Rxf7 Rxd1+ 32. Qxd1 Kxf7 33. Qd5+
Kf6 34. Qe5+ Kf7 35. f5 Re8 36. Qb5 gxf5 37. Qxf5+ Kg7 38. h4 Re6 39. Qg5+ Kf7
40. Qf4+ Kg8 41. b5 Re7 42. h5 Rf7 43. Qg5+ Rg7 44. Qd5+ Kh8 45. Kh2 Rd7 46.
Qe5+ Kg8 47. g4 Rf7 48. g5 Rd7 49. Kg3 Rg7 50. Kf4 Rf7+ 51. Kg4 Rd7 52. Kf5
Rf7+ 53. Ke4 Rd7 54. Qf6 Rf7 55. Qc6 Rg7 56. Qc1 Rd7 57. Ke5 Re7+ 58. Kd6 Rd7+
59. Kc6 Rg7 60. Qc4+ Kh8 61. Qf4 Kg8 62. Qf5 Re7 63. Qf3 Rg7 64. Qe3 Rd7 65.
Qb3+ Kh8 66. Qf3 Kg7 67. Qxf8+ 1-0

[Event "FIDE World Youth U16 Chess Olympiad SLOVAKIA 2016"]
[Site "Poprad Tatry SLOVAKIA"]
[Date "2016.07.23"]
[Round "2"]
[Board "1"]
[White "Chen, Richard"]
[Black "Pechac, Jergus"]
[Result "0-1"]
[WhiteElo "2259"]
[BlackElo "2463"]
[PlyCount "156"]
[EventDate "2016.07.22"]
[EventType "team"]
[EventRounds "9"]
[EventCountry "SVK"]
[WhiteTeam "Canada"]
[BlackTeam "Slovakia 1"]

1. e4 c5 2. Nf3 e6 3. d4 cxd4 4. Nxd4 a6 5. Bd3 Nf6 6. O-O e5 7. Bg5 h6 8. Bxf6
Qxf6 9. Nf5 g6 10. Ne3 Nc6 11. Nc3 Bc5 12. Ncd5 Qd8 13. c3 d6 14. b4 Ba7 15. a4
a5 16. b5 Ne7 17. Nf6+ Kf8 18. Bc4 Kg7 19. Qf3 Be6 20. Nfd5 Nxd5 21. Nxd5 Rc8
22. Bb3 h5 23. Kh1 Bc5 24. Qd3 g5 25. Rad1 Rh6 26. Rd2 b6 27. Ba2 Bxd5 28. Bxd5
Qf6 29. Qe2 Rch8 30. Rd3 g4 31. f3 g3 32. h3 Qf4 33. Qd2 Rf6 34. Qxf4 Rxf4 35.
Rfd1 Kf6 36. Re1 Kg5 37. Rc1 Rf6 38. Rc2 Kf4 39. Rc1 Rc8 40. Rc2 Rc7 41. Rc1
Rh6 42. Rc2 Rh8 43. Rc1 Rhc8 44. Rc2 Bb4 45. c4 Bc5 46. Rc1 Bd4 47. Rc2 h4 48.
Rc1 Re7 49. Re1 Rc5 50. Re2 Rec7 51. Rc2 Rxd5 52. exd5 f5 53. Rdd2 Bf2 54. Re2
Rc5 55. Rc1 e4 56. Rc3 Rc7 57. Rec2 Ke5 58. Re2 Kd4 59. Rc1 Kd3 60. Rb2 Bd4 61.
Rd1+ Kxc4 62. Rc2+ Bc3 63. Re2 Re7 64. Re3 Bd4 65. Re2 e3 66. Rc2+ Kxd5 67. Re2
f4 68. Kg1 Rc7 69. Kf1 Rc3 70. Ra2 Kc4 71. Ke2 Bc5 72. Rb1 d5 73. Kd1 d4 74.
Rc2 Rxc2 75. Kxc2 d3+ 76. Kd1 e2+ 77. Ke1 Bb4+ 78. Rxb4+ axb4 0-1

[Event "FIDE World Youth U16 Chess Olympiad SLOVAKIA 2016"]
[Site "Poprad Tatry SLOVAKIA"]
[Date "2016.07.23"]
[Round "2"]
[Board "2"]
[White "Haring, Viktor"]
[Black "Bellissimo, Joseph F."]
[Result "1-0"]
[WhiteElo "2289"]
[BlackElo "2100"]
[PlyCount "65"]
[EventDate "2016.07.22"]
[EventType "team"]
[EventRounds "9"]
[EventCountry "SVK"]
[WhiteTeam "Slovakia 1"]
[BlackTeam "Canada"]

1. e4 e6 2. d4 d5 3. Nd2 dxe4 4. Nxe4 Bd7 5. Nf3 Bc6 6. Bd3 Nd7 7. Qe2 Ngf6 8.
O-O Nxe4 9. Bxe4 Bxe4 10. Qxe4 c6 11. Bf4 Nf6 12. Qe2 Be7 13. Rfd1 O-O 14. Rd3
Nd5 15. Bg3 Bf6 16. Ne5 Re8 17. Rb3 Re7 18. Rd1 a5 19. c4 Nb6 20. Ng4 Nd7 21.
Rxb7 Nf8 22. Nxf6+ gxf6 23. Rxe7 Qxe7 24. Qf3 Rc8 25. Bh4 Kg7 26. d5 cxd5 27.
cxd5 Ng6 28. d6 Qd7 29. Bxf6+ Kg8 30. h4 Rc5 31. h5 Rf5 32. Qa8+ Nf8 33. Be7
 1-0

[Event "FIDE World Youth U16 Chess Olympiad SLOVAKIA 2016"]
[Site "Poprad Tatry SLOVAKIA"]
[Date "2016.07.23"]
[Round "2"]
[Board "3"]
[White "Song, Ziyuan (sam)"]
[Black "Lintner, Igor"]
[Result "1-0"]
[WhiteElo "2049"]
[BlackElo "2191"]
[PlyCount "79"]
[EventDate "2016.07.22"]
[EventType "team"]
[EventRounds "9"]
[EventCountry "SVK"]
[WhiteTeam "Canada"]
[BlackTeam "Slovakia 1"]

1. e4 e6 2. d4 d5 3. Nd2 Nc6 4. Ngf3 Nf6 5. e5 Nd7 6. c3 f6 7. Bb5 a6 8. Bxc6
bxc6 9. O-O fxe5 10. dxe5 c5 11. Qa4 Bb7 12. Qg4 Qe7 13. Re1 O-O-O 14. Nb3 Re8
15. Na5 Qf7 16. Nxb7 Kxb7 17. c4 h5 18. Qh3 Nb6 19. cxd5 Nxd5 20. Ng5 Qf5 21.
Qb3+ Ka7 22. Nf3 Nb4 23. Re2 Rb8 24. Be3 Be7 25. Qc3 Nd3 26. Rd2 Rhd8 27. Rad1
Nxb2 28. Rxd8 Bxd8 29. Qxc5+ Rb6 30. Rxd8 Qb1+ 31. Qc1 Qxc1+ 32. Bxc1 Na4 33.
Be3 c5 34. g3 Kb7 35. Rd7+ Kc6 36. Rd6+ Kb5 37. Rxb6+ Nxb6 38. Ng5 Nd5 39. Nxe6
c4 40. Kf1 1-0

[Event "FIDE World Youth U16 Chess Olympiad SLOVAKIA 2016"]
[Site "Poprad Tatry SLOVAKIA"]
[Date "2016.07.23"]
[Round "2"]
[Board "4"]
[White "Vrtiakova, Anna"]
[Black "Talukdar, Rohan"]
[Result "0-1"]
[WhiteElo "2044"]
[BlackElo "2051"]
[PlyCount "94"]
[EventDate "2016.07.22"]
[EventType "team"]
[EventRounds "9"]
[EventCountry "SVK"]
[WhiteTeam "Slovakia 1"]
[BlackTeam "Canada"]

1. e4 e6 2. d4 d5 3. Nc3 Bb4 4. e5 Ne7 5. Nf3 c5 6. a3 Bxc3+ 7. bxc3 Nbc6 8.
Bd3 Qa5 9. Bd2 c4 10. Be2 Bd7 11. h4 f6 12. h5 fxe5 13. Nxe5 Nxe5 14. dxe5 Qc7
15. Bf4 O-O 16. Qd2 Nc6 17. Qe3 b5 18. O-O a5 19. Qg3 Rf7 20. h6 g6 21. Bh5 Kh8
22. Bg4 d4 23. Rfe1 dxc3 24. Bg5 Ne7 25. Qxc3 Nd5 26. Qh3 Qb6 27. Bf3 Rf5 28.
Qg3 Raf8 29. Rad1 Bc6 30. Rd2 b4 31. axb4 axb4 32. Be4 R5f7 33. Bxd5 Bxd5 34.
Bf6+ Kg8 35. Rb1 Rb7 36. Kh2 Qc6 37. f4 Ra8 38. Qg5 b3 39. cxb3 c3 40. Rf2 Qc5
41. Rff1 Ra2 42. Rg1 Rd2 43. Rbc1 Bxb3 44. f5 exf5 45. Qxd2 Qxg1+ 46. Kxg1 cxd2
47. Rc8+ Kf7 0-1

[Event "FIDE World Youth U16 Chess Olympiad SLOVAKIA 2016"]
[Site "Poprad Tatry SLOVAKIA"]
[Date "2016.07.23"]
[Round "2"]
[Board "1"]
[White "Havasi, Gergo"]
[Black "Gorcsi, Gabor"]
[Result "1/2-1/2"]
[WhiteElo "2372"]
[BlackElo "2263"]
[PlyCount "64"]
[EventDate "2016.07.22"]
[EventType "team"]
[EventRounds "9"]
[EventCountry "SVK"]
[WhiteTeam "Hungary 1"]
[BlackTeam "Hungary 2"]

1. e4 c5 2. Nf3 e6 3. d4 cxd4 4. Nxd4 Nc6 5. Nc3 a6 6. Nxc6 bxc6 7. Bd3 d5 8.
O-O Qc7 9. Qe2 Nf6 10. Bg5 dxe4 11. Nxe4 Nxe4 12. Bxe4 Bd6 13. g3 O-O 14. Rad1
h6 15. Bd2 a5 16. Qh5 f5 17. Bg2 Kh7 18. Bc3 e5 19. Rd2 Be6 20. Rfd1 Be7 21.
Qe2 e4 22. h4 Rfd8 23. Bxe4 Bc5 24. Qf3 Rxd2 25. Rxd2 fxe4 26. Qxe4+ Kh8 27.
Qxe6 Qxg3+ 28. Kf1 Rf8 29. Qxh6+ Kg8 30. Qe6+ Kh8 31. Qh6+ Kg8 32. Qe6+ Kh8
 1/2-1/2

[Event "FIDE World Youth U16 Chess Olympiad SLOVAKIA 2016"]
[Site "Poprad Tatry SLOVAKIA"]
[Date "2016.07.23"]
[Round "2"]
[Board "2"]
[White "Bohus, Adam"]
[Black "Kozak, Adam"]
[Result "0-1"]
[WhiteElo "2200"]
[BlackElo "2364"]
[PlyCount "86"]
[EventDate "2016.07.22"]
[EventType "team"]
[EventRounds "9"]
[EventCountry "SVK"]
[WhiteTeam "Hungary 2"]
[BlackTeam "Hungary 1"]

1. d4 Nf6 2. c4 e6 3. Nf3 d5 4. Nc3 c6 5. e3 Nbd7 6. Qc2 Bd6 7. b3 O-O 8. Be2
b6 9. O-O Bb7 10. Bb2 Qe7 11. Rad1 Rad8 12. Rfe1 Rfe8 13. Bf1 e5 14. dxe5 Nxe5
15. Nxe5 Bxe5 16. h3 dxc4 17. Bxc4 c5 18. Rxd8 Rxd8 19. Rd1 Rxd1+ 20. Qxd1 Ne8
21. Qd2 Nd6 22. Bd5 Bc8 23. f4 Bf6 24. e4 Bd4+ 25. Kh2 h6 26. g3 Qd7 27. Qg2
Kf8 28. Nd1 Nb5 29. Bxd4 Nxd4 30. Ne3 Qd8 31. Nc4 b5 32. Ne5 Be6 33. Nd3 Bxd5
34. exd5 c4 35. bxc4 bxc4 36. Ne5 c3 37. d6 c2 38. Qb7 Nf3+ 39. Kg2 Nxe5 40.
Qb2 Qxd6 41. fxe5 Qc6+ 42. Kh2 c1=Q 43. Qb8+ Qc8 0-1

[Event "FIDE World Youth U16 Chess Olympiad SLOVAKIA 2016"]
[Site "Poprad Tatry SLOVAKIA"]
[Date "2016.07.23"]
[Round "2"]
[Board "3"]
[White "Marjanovics, Annamaria"]
[Black "Pribelszky, Bence"]
[Result "1-0"]
[WhiteElo "2366"]
[BlackElo "2162"]
[PlyCount "59"]
[EventDate "2016.07.22"]
[EventType "team"]
[EventRounds "9"]
[EventCountry "SVK"]
[WhiteTeam "Hungary 1"]
[BlackTeam "Hungary 2"]

1. d4 d5 2. c4 e6 3. Nc3 c5 4. cxd5 exd5 5. Nf3 Nc6 6. g3 Nf6 7. Bg2 Be7 8. O-O
O-O 9. h3 c4 10. Ne5 Be6 11. Bf4 Rc8 12. Kh2 Qa5 13. Qd2 Kh8 14. a3 Rfd8 15.
Rad1 b5 16. Nxc6 Rxc6 17. Be5 Qb6 18. f4 a5 19. f5 b4 20. axb4 axb4 21. Na4 Qb5
22. fxe6 Qxa4 23. exf7 c3 24. Qe3 Rcc8 25. Bxf6 Bxf6 26. Qe6 Qc6 27. Bxd5 Qxe6
28. Bxe6 Rc6 29. Bd7 Rd6 30. Be8 1-0

[Event "FIDE World Youth U16 Chess Olympiad SLOVAKIA 2016"]
[Site "Poprad Tatry SLOVAKIA"]
[Date "2016.07.23"]
[Round "2"]
[Board "4"]
[White "Egyed, Judit"]
[Black "Czupor, Attila"]
[Result "0-1"]
[WhiteElo "2107"]
[BlackElo "2275"]
[PlyCount "128"]
[EventDate "2016.07.22"]
[EventType "team"]
[EventRounds "9"]
[EventCountry "SVK"]
[WhiteTeam "Hungary 2"]
[BlackTeam "Hungary 1"]

1. e4 e5 2. Nf3 Nc6 3. d4 exd4 4. Bc4 Nf6 5. e5 Ng4 6. Bxf7+ Kxf7 7. Ng5+ Kg8
8. Qxg4 h6 9. Nf3 d6 10. e6 Qf6 11. O-O Bxe6 12. Qg3 Re8 13. c3 Bd5 14. Nxd4
Nxd4 15. cxd4 Bc4 16. Rd1 Qxd4 17. Bd2 d5 18. Nc3 Bd6 19. Qh3 c6 20. Re1 Rd8
21. Qe6+ Kh7 22. Qf5+ g6 23. Qf7+ Qg7 24. Qxg7+ Kxg7 25. Be3 Rhe8 26. Bxa7 Kf7
27. Be3 g5 28. h4 Kg6 29. hxg5 hxg5 30. Bb6 Ra8 31. a4 Bb4 32. a5 c5 33. Rxe8
Rxe8 34. Na2 Bxa2 35. Rxa2 Re1+ 36. Kh2 d4 37. a6 bxa6 38. Rxa6 Re6 39. Bxc5
Rxa6 40. Bxb4 d3 41. Kg3 Rb6 42. Bc3 Rxb2 43. Kf3 Re2 44. g4 Kf7 45. Bd4 Re6
46. Be3 Re5 47. Bd2 Ke6 48. Bc3 Rc5 49. Bd2 Re5 50. Bc3 Re2 51. Bd4 Re1 52. Be3
Kf6 53. Bd4+ Kg6 54. Bc3 Re2 55. Bd4 Re7 56. Bc3 Re6 57. Bd2 Kf6 58. Bc3+ Ke7
59. Bd2 Re5 60. Bc3 Rd5 61. Bd2 Kd6 62. Ke4 Kc5 63. Be3+ Kc4 64. Bd2 Rd4+ 0-1

[Event "FIDE World Youth U16 Chess Olympiad SLOVAKIA 2016"]
[Site "Poprad Tatry SLOVAKIA"]
[Date "2016.07.23"]
[Round "2"]
[Board "1"]
[White "Bratkovic, Jakob"]
[Black "Costachi, Mihnea"]
[Result "0-1"]
[WhiteElo "2186"]
[BlackElo "2420"]
[PlyCount "71"]
[EventDate "2016.07.22"]
[EventType "team"]
[EventRounds "9"]
[EventCountry "SVK"]
[WhiteTeam "Slovenia"]
[BlackTeam "Romania"]

1. e4 e5 2. Nf3 Nc6 3. Bc4 Bc5 4. O-O Nf6 5. d3 d6 6. c3 a6 7. a4 h6 8. Na3 O-O
9. Nc2 Be6 10. Bxe6 fxe6 11. b4 Ba7 12. b5 Ne7 13. Be3 Bxe3 14. Nxe3 Ng6 15.
Nc4 b6 16. Qc2 Nh5 17. Ne3 Qd7 18. c4 a5 19. d4 Rxf3 20. gxf3 exd4 21. Ng2 e5
22. f4 Nhxf4 23. Nxf4 Nxf4 24. f3 Rf8 25. Kh1 Nh3 26. Qb3 Kh8 27. Ra2 Rf4 28.
Qd3 Qf7 29. Kg2 Qg6+ 30. Kh1 Rh4 31. Qe2 Nf4 32. Qd1 Qf7 33. Qb3 Qe6 34. Rg1
Qh3 35. Qd1 Nh5 36. Rag2 0-1